000 01057cab a2200301 4500
001 ABS46978
008 090401t1992 xxu||||| |||| 00| 0 eng d
035 _a(Sirsi) u60259
041 _aeng
100 _aHorsley, G.J.
245 _aMarket value: the sacred cow
260 _c1992
350 _a0
490 _aJournal of Property Valuation and Investment
_v10(4) Summer 1992, 694-700(7)
520 _aUrges clarification of the meaning of value, recently clouded by further terms, such as fair market value or forced sale value, and a return to the theoretical base of valuation away from legal precedent. Looks at the role of TIAVSC.
650 _aDEFINITIONS
650 _aFORCED SALE VALUE
650 _aINTERNATIONAL ASSET VALUATION STANDARDS COMMITTEE
650 _aMARKET VALUE
650 _aRICS APPRAISAL AND VALUATION MANUAL
650 _aRICS
650 _aSTATEMENTS ON THE VALUATION OF ASSETS
650 _aTIAVCS
650 _aValuation
_96273
690 _aRATING AND VALUATION
942 _n0
948 _c04/03/1997
999 _c37128
_d37128